[Event "ACCENTUS Biel GMT 2018"]
[Site "Biel"]
[Date "2018.07.22"]
[Round "1"]
[White "Carlsen, Magnus"]
[Black "Navara, David"]
[Result "1-0"]
[WhiteElo "2842"]
[BlackElo "2741"]
[Annotator "TA"]
[PlyCount "127"]
[EventDate "2018.07.22"]
[EventCountry "SUI"]
[SourceTitle "playchess.com"]
[Source "ChessBase"]
[SourceQuality "1"]

{[%evp 20,127,22,14,14,12,14,0,27,17,23,-11,-8,-14,-26,-17,10,0,8,0,0,-35,-27,-41,-43,-29,-29,-38,-44,-30,-20,-16,-15,-16,0,0,0,0,0,0,0,0,0,0,0,-18,-18,-18,-18,-12,-12,-12,-12,-12,-12,-12,-12,-12,-12,-12,-12,-12,-12,-12,0,-12,-12,-12,0,0,0,0,0,0,0,0,0,0,0,0,0,0,0,0,46,0,0,0,46,46,66,0,523,478,375,306,357,335,12845,12846,12848,12848,12849,12849,12850,12850,12851,29979,29979,29980]} 1. d4 Nf6 2. Nf3 d5 3. c4 e6 4. Bg5 Bb4+ 5. Nc3 h6 6. Bxf6 Qxf6 7. e3 O-O 8. Rc1 dxc4 9. Bxc4 c5 {D38: Queen's Gambit Declined: Ragozin Defence (4 Nf3 Bb4)} 10. dxc5 Nd7 11. O-O {LiveBook: 3 Games} Nxc5 {The position is equal.} 12. Nb5 a6 13. Nbd4 {[#]} b5 $146 ({Predecessor:} 13... Ba5 14. a3 Bb6 15. b4 Ne4 16. Qd3 Ng5 17. Nxg5 hxg5 {1-0 (36) Salem,A (2638)-Peralta,F (2556) Sitges 2017}) 14. Be2 e5 15. Nc2 (15. a3 {is more complex.} exd4 16. Nxd4 Ne6 17. axb4 Rd8 18. Bf3) 15... Rd8 16. Nxb4 Rxd1 17. Rfxd1 a5 18. Nd5 Qd6 19. Nxe5 Bb7 20. Bf3 Rc8 21. Ng4 Qf8 22. h4 Nd7 {With the idea ...Rxc1.} 23. Rxc8 Bxc8 24. a3 h5 25. Nh2 g6 26. Be2 Ne5 27. Bxb5 Bb7 28. Nc3 Qe7 29. Rd4 Qe6 30. Nf1 Qb3 31. Rd2 Nc4 32. Rd7 {Bxc4 is the strong threat.} Nxb2 33. Rxb7 Qxc3 34. Be8 Kf8 35. Bxf7 Qc6 36. Rxb2 Kxf7 $11 {[%mdl 4096] Endgame KQ-KRN} 37. Rd2 $1 Qa4 38. Rd3 Qxh4 39. Rd7+ Kg8 40. Rd4 $1 {[%cal Rd4h4]} Qe7 41. a4 Qa3 42. g3 Qa1 43. Kg2 g5 44. Nd2 g4 45. Ne4 Qc1 46. Nf6+ Kf7 47. Nxh5 Qc6+ 48. Kg1 {Threatens to win with Rf4+.} Qc1+ 49. Kh2 Kg6 $1 {[%cal Rg6h5]} 50. Nf4+ Kf6 51. Ng2 Kg5 52. Rf4 Qd1 53. Nh4 {Hoping for Rf5+.} Qc2 54. Nf5 Qd3 55. e4 {[%cal Be3e4,Be4e5][%mdl 32]} Qd7 $2 {[%mdl 8192] [#]} (55... Qd1 $1 $11 {and Black has nothing to worry.}) 56. e5 $1 $18 Qh7+ 57. Kg1 {aiming for e6.} Qg6 {[#]} 58. Nd6 $1 {[%cal Rd6e4]} Qe6 $2 (58... Qb1+ 59. Kh2 Qc1) 59. Rf5+ Qxf5 60. Nxf5 Kxf5 61. f4 {Kg2 would kill now.} gxf3 62. Kf2 Kxe5 63. Kxf3 Kf5 64. Ke3 {Precision: White = 75%, Black = 65%.} 1-0

[Event "ACCENTUS Biel GMT 2018"]
[Site "Biel"]
[Date "2018.07.22"]
[Round "1"]
[White "Mamedyarov, Shakhriyar"]
[Black "Georgiadis, Nico"]
[Result "1-0"]
[WhiteElo "2801"]
[BlackElo "2526"]
[Annotator "TA"]
[PlyCount "55"]
[EventDate "2018.07.22"]
[EventCountry "SUI"]
[SourceTitle "playchess.com"]
[Source "ChessBase"]
[SourceQuality "1"]

{[%evp 13,55,31,21,-7,34,38,64,18,31,22,28,16,54,60,110,70,99,99,93,100,103,92,97,94,94,81,170,173,191,191,181,148,261,258,274,266,396,391,558,558,558,558,606,603]} 1. c4 Nf6 2. Nf3 e6 3. Nc3 d5 4. e3 a6 (4... Be7 5. b3 O-O 6. Bb2 b6 7. cxd5 Nxd5 8. Nxd5 exd5 9. Qc2 c5 10. a3 Nc6 11. Bb5 Bb7 12. O-O Rc8 13. Rac1 a6 14. Be2 d4 {½-½ (36) Carlsen,M (2843)-Karjakin,S (2782) Stavanger 2018}) 5. b3 c5 6. Bb2 {A17: English Opening: 1...Nf6 with ...Bb4} Nc6 7. cxd5 exd5 {LiveBook: 3 Games} 8. Rc1 $146 {The position is equal.} ({Predecessor:} 8. d4 cxd4 9. Nxd4 Bd6 10. Be2 O-O 11. O-O Re8 12. Rc1 Bc7 13. Bf3 Qd6 14. g3 Bh3 15. Re1 Rad8 16. Nxc6 bxc6 17. Qd4 Qd7 18. Qd3 Be5 19. Na4 Bxb2 20. Nxb2 {½-½ (54) Froewis,G (2439)-Schwabeneder,F (2382) Graz 2017}) 8... Bg4 9. h3 Bh5 10. Na4 Nd7 $1 11. Be2 b5 12. Nc3 Nf6 13. O-O $36 {[%mdl 2048] White fights for an advantage.} Be7 14. a4 Bxf3 15. Bxf3 Rb8 16. axb5 axb5 17. Ne2 Qd6 18. Nf4 {Bxf6 is the strong threat.} Nb4 19. Ba3 Na6 (19... Qd7 $16) 20. d4 $18 {Threatens to win with dxc5.} b4 21. Bb2 O-O {[#]} 22. Bxd5 $1 {[%mdl 512]} Nxd5 (22... g5 $16) 23. dxc5 Nxc5 24. Nxd5 {[%cal Bf4d5,Bd5f6,Bf6e4][%mdl 32]} Rfd8 (24... Rfc8 $142 25. Qg4 Bf8 26. Nf6+ (26. Nxb4 h5 $14) 26... Kh8) 25. Qg4 $1 {[%csl Gb2,LRb4,LRg7][%cal Rg4g7]} Bf8 {[#]} (25... Ne6 $142) 26. Nf6+ $1 {White is clearly winning.} Kh8 {Now ...Qe6 and Black clings on.} 27. Qf5 {[%csl Gf6][%cal Rf5h7]} g6 28. Ne4+ {Precision: White = 63%, Black = 36%.} 1-0

[Event "ACCENTUS Biel GMT 2018"]
[Site "Biel"]
[Date "2018.07.22"]
[Round "1"]
[White "Vachier-Lagrave, Maxime"]
[Black "Svidler, Peter"]
[Result "1/2-1/2"]
[WhiteElo "2779"]
[BlackElo "2753"]
[Annotator "TA"]
[PlyCount "77"]
[EventDate "2018.07.22"]
[EventCountry "SUI"]
[SourceTitle "playchess.com"]
[Source "ChessBase"]
[SourceQuality "1"]

{[%evp 23,77,0,14,0,7,0,6,0,0,0,0,0,9,7,27,27,23,18,23,21,25,27,25,30,50,19,20,-13,-17,-8,-20,-30,30,35,32,39,27,26,48,49,39,47,48,43,41,41,42,36,43,37,38,0,41,0,38,0]} 1. e4 {Roiz,M} e5 2. Nf3 Nc6 3. Bb5 a6 4. Ba4 Nf6 5. O-O Be7 6. d3 b5 7. Bb3 d6 8. a3 {C84: Closed Ruy Lopez: Unusual White 6th moves} Na5 9. Ba2 c5 10. Nc3 Be6 11. Nh4 O-O 12. Nf5 Nc6 {LiveBook: 7 Games} 13. Nd5 Bxf5 14. exf5 {[#]} Rc8 $146 ({Predecessor:} 14... Nxd5 15. Bxd5 Rc8 {½-½ (43) Vachier Lagrave,M (2791)-Svidler,P (2749) Saint Louis 2017 CBM 180 [Roiz,M]}) 15. a4 b4 16. Be3 Nxd5 17. Bxd5 Bf6 18. c4 bxc3 19. bxc3 Ne7 20. Bb7 Rb8 21. Bxa6 Nxf5 22. Bd2 d5 23. Rb1 Nd6 24. Rxb8 Qxb8 25. Qb1 Qa7 26. Bb5 $1 Rb8 27. c4 Nxb5 (27... dxc4 $142 28. dxc4 Nxc4) 28. axb5 $11 Qa4 29. Rc1 e4 30. Bf4 Rb7 31. dxe4 dxc4 32. e5 Be7 33. e6 fxe6 34. Qe4 $1 {[%csl LRb7,LRc4,LRe6]} Qxb5 35. Qxe6+ Kf8 36. Qf5+ {[%mdl 1024] White has compensation.} Kg8 37. Qe6+ Kf8 38. Qf5+ Kg8 39. Qe6+ {Precision: White = 60%, Black = 74%.} 1/2-1/2

[Event "ACCENTUS Biel GMT 2018"]
[Site "Biel"]
[Date "2018.07.23"]
[Round "2"]
[White "Vachier-Lagrave, Maxime"]
[Black "Carlsen, Magnus"]
[Result "0-1"]
[WhiteElo "2779"]
[BlackElo "2842"]
[Annotator "TA"]
[PlyCount "159"]
[EventDate "2018.07.22"]
[EventCountry "SUI"]
[SourceTitle "playchess.com"]
[Source "ChessBase"]
[SourceQuality "1"]

{[%evp 12,159,29,26,49,0,0,0,0,0,0,0,7,0,10,0,0,0,0,0,0,0,0,-5,0,-10,-17,-16,-6,-3,-8,-20,-14,-22,0,0,0,0,0,0,0,0,0,0,0,0,0,0,0,0,0,0,0,-103,-64,-200,-198,-192,-190,-266,-254,-212,-220,-210,-179,-173,-171,-194,-148,-144,-146,-120,-127,-331,-338,-308,-110,-283,-281,-300,-310,-602,-266,-255,-247,-267,-233,-223,-180,-193,-164,-174,-52,-52,-56,-61,-50,-50,0,0,0,-16,-29,-84,-84,-128,-143,-160,-148,-147,-147,-145,-137,-624,-582,-5616,-12827,-1769,-12817,-12829,-12820,-12828,-12828,-12829,-12829,-12829,-12830,-12830,-12827,-12847,-12847,-12848,-12848,-12850,-29967,-29966,-29968,-29968,-29969,-29969,-29970,-29969,-29969,-29982,-29974,-29974,-29975,-29975,-29975,-29984]} 1. e4 d6 2. d4 Nf6 3. Nc3 g6 4. Bf4 c6 5. Nf3 Bg7 6. Qd2 O-O 7. h3 {LiveBook: 16 Games. B08: Pirc Defence: Classical System} Qa5 8. e5 $146 (8. a3 {keeps more tension.} Nbd7 9. Be2 e5 10. dxe5 dxe5 11. Be3) ({Predecessor:} 8. O-O-O b5 9. a3 b4 10. axb4 Qa1+ 11. Nb1 Nxe4 12. Qe3 Nf6 13. Qa3 Qxa3 14. Nxa3 Be6 {1-0 (42) Yemelin,V (2522)-Utkin,A (2345) St Petersburg 2001}) 8... dxe5 9. dxe5 {The position is equal.} Nd5 10. Nxd5 Qxd2+ 11. Bxd2 cxd5 12. O-O-O Nc6 13. Bc3 e6 14. h4 h6 15. Bd3 Bd7 16. Rhe1 Rfc8 17. Rd2 Rab8 18. Rde2 b5 {[%cal Bb7b5,Bb5b4][%mdl 32]} 19. Nd4 b4 20. Nxc6 Bxc6 21. Bd4 Bb5 22. Kd2 h5 23. f4 Bf8 24. g4 hxg4 25. Rg1 Bc5 26. Bxc5 Rxc5 27. Rxg4 Kf8 28. Rh2 Bxd3 29. Kxd3 $11 {[%mdl 4096] Endgame KRR-KRR} Rc4 30. h5 gxh5 31. Rxh5 Ke7 32. Rgh4 (32. Rh6 $11) 32... Rg8 {...Rg3+ is the strong threat.} 33. f5 (33. Rh8 $1 $15 Rg3+ 34. Kd2) 33... Rg3+ $19 34. Kd2 Rg2+ 35. Kd1 (35. Kd3 $142 exf5 36. Rxc4 dxc4+ 37. Kxc4) 35... Rcxc2 (35... Rgxc2 36. f6+ Kd7 37. Rxc4 $16) 36. f6+ Kd7 37. Rxb4 a5 (37... Rxb2 38. Rxb2 Rxb2 39. Rh7 $16) 38. Rb8 Rcf2 $1 {[%cal Rg2g1]} (38... Rxb2 39. Rxb2 Rxb2 40. Rh7 $14) 39. Ke1 Kc6 (39... Rxb2 40. Rxb2 Rxb2 41. Rh7 $11) 40. Rc8+ Kb5 41. Rh7 d4 {White must now prevent ...d3.} (41... Rxb2 $6 42. Rb8+ Kc4 43. Rxb2 $11) 42. Rg8 $2 (42. Rxf7 $2 d3 $19) (42. a4+ $17 {was called for.} Kxa4 43. Rg7) 42... Re2+ ({Worse is} 42... Rxb2 43. Rxg2 Rxg2 44. Rxf7 $11) 43. Kf1 Rgf2+ 44. Kg1 {[#]} Rf4 $1 (44... Rxb2 45. Rxf7 Rxa2 46. Rc7 $11) 45. Rxf7 Rxe5 46. Rc7 $2 (46. Kg2 Ref5 47. Rc8) 46... Rxf6 (46... d3 $142 47. a4+ Kxa4) 47. Rb8+ Ka6 48. Rc6+ Ka7 {( -> ...Rg5+)} 49. Rg8 Rf7 50. Rg6 Re1+ 51. Kg2 d3 (51... Re2+ $19 52. Kg3 Rxb2 53. Rgxe6 Rd7) 52. Rd6 $15 Re2+ 53. Kh3 $1 d2 {Threatens to win with ...e5.} ({Resist} 53... Rxb2 54. Rxd3 Rxa2 55. Rxe6 $17) 54. Rg8 Kb7 55. Rgd8 {[#]} d1=Q $1 {[%mdl 512]} 56. Rxd1 Rxb2 57. Re1 (57. R8d6 $11 {remains equal.}) 57... Rf6 $17 (57... Rxa2 $2 58. Rxe6 Ra3+ 59. Kg2 $19) 58. Rd6 Rxa2 59. Kg3 Rb2 {And now ...Rb3+ would win.} 60. Re5 Rb3+ 61. Kg2 {[#]} a4 $1 {[%cal Ba5a4,Ba4a3][%mdl 32]} 62. Ra5 $2 {[%mdl 8192]} (62. Rg5 $17) 62... a3 $19 63. Rda6 Rff3 64. Ra7+ Kc6 65. R7a6+ Kd7 66. Ra7+ Kd6 67. R7a6+ Ke7 68. Re5 Rfc3 69. Rexe6+ Kd7 70. Kf2 Rb2+ 71. Re2 Rh3 72. Kg2 Rxe2+ 73. Kxh3 {KR-KR. Black mates.} a2 74. Kg3 Kc7 75. Kf3 Kb7 76. Ra4 Rh2 77. Ke3 Kb6 78. Kd3 Kb5 79. Ra8 Kb4 80. Kd4 {Precision: White = 54%, Black = 80%.} 0-1

[Event "ACCENTUS Biel GMT 2018"]
[Site "Biel"]
[Date "2018.07.23"]
[Round "2"]
[White "Svidler, Peter"]
[Black "Georgiadis, Nico"]
[Result "1-0"]
[WhiteElo "2753"]
[BlackElo "2526"]
[Annotator "TA"]
[PlyCount "111"]
[EventDate "2018.07.22"]
[EventCountry "SUI"]
[SourceTitle "playchess.com"]
[Source "ChessBase"]
[SourceQuality "1"]

{[%evp 18,111,16,14,0,0,20,15,23,11,16,0,0,0,0,12,8,0,8,13,9,15,11,13,15,13,14,3,32,22,38,31,48,47,44,47,43,45,56,50,52,50,66,0,0,0,75,39,48,9,141,148,157,145,152,153,139,116,121,84,122,122,120,118,105,123,171,117,113,113,104,119,149,149,149,149,155,151,172,147,170,152,181,182,225,167,295,312,4810,4802,29987,29988,29988,29989,29989,29990]} 1. e4 c5 2. Nf3 d6 3. Bb5+ Nd7 4. O-O a6 5. Bd3 Ngf6 6. Re1 {B51: Sizilianisch (Rossolimo-Variante)} (6. c3 b5 7. a4 c4 8. Be2 Bb7 9. axb5 axb5 10. Rxa8 Bxa8 11. Na3 Bxe4 12. Nxb5 d5 {1-0 (28) Svidler,P (2753)-Nepomniachtchi,I (2757) Jerusalem 2018}) 6... e6 7. a4 b6 8. c3 Bb7 9. Qe2 Qc7 10. Na3 {LiveBook: 8 Partien} Be7 11. Bc2 Rc8 12. d3 O-O 13. Bd2 $146 Rfe8 14. Rac1 e5 15. Bb3 d5 16. exd5 Nxd5 17. Qe4 Nxc3 (17... Nf4 $5 18. Qf5 $8 Bf6 19. Bxf4 Bxf3 $11) 18. Bxf7+ Kxf7 19. Qf5+ Kg8 {Weiss muss nun ...Sd5 beachten.} 20. Bxc3 Bf6 21. Nc4 {[%cal Rf3e5]} Qc6 22. Ncxe5 Nxe5 (22... Bxe5 {with more complications.} 23. Bxe5 Qd5 24. Qg5 Nxe5 25. Nxe5 Re6) 23. Bxe5 Qd5 24. Re3 Bxe5 25. Rxe5 Rxe5 26. Qxe5 Qxd3 27. Qe6+ $40 {[%mdl 128] Weiss hat einigen Angriff.} Kh8 28. Re1 {Weiss will mit Dxc8+! Matt setzen.} h6 29. h3 b5 30. Ne5 (30. Qg4 $14 Qd6 31. Ne5) 30... Qd5 $11 {[%csl Gb7][%cal Rd5g2]} 31. Qg4 {Sg6+ ist eine echte Drohung.} Kh7 (31... Rd8 $1 $11 {hält das Gleichgewicht.}) 32. Qg6+ Kg8 $1 33. f3 Qd2 (33... bxa4 $11 {bleibt in der Remisbreite.} 34. Ng4 Qg5) 34. Qf7+ $16 Kh7 35. Kf1 Qd5 36. Qg6+ Kg8 37. Ng4 $1 Qg5 38. Qb6 Qd5 {[#]} 39. Nxh6+ $1 {[%mdl 512]} Kh7 {[#]} (39... gxh6 40. Qg6+) 40. Ng4 $1 {Und Te7 würde nun gewinnen.} (40. axb5 $6 Rf8 $11) 40... Rf8 41. Kg1 (41. axb5 $6 Rxf3+ 42. gxf3 Qxf3+ 43. Nf2 Qg2+ 44. Ke2 Qf3+ 45. Kf1 Qg2+ 46. Ke2 Qf3+ 47. Kd2 Qxf2+ 48. Re2 Qd4+ 49. Ke1 Qh4+ 50. Rf2 Qe4+ 51. Re2 Qh4+ 52. Rf2 Qe4+ 53. Re2 Qh4+ $11) 41... Qd4+ {[#]} 42. Kh1 (42. Nf2 $1 $18 Bxf3 43. gxf3) 42... Bxf3 43. gxf3 Rxf3 44. Qe6 Qd3 45. Ne3 bxa4 46. Kg2 Rf6 {( -> ...Dd2+)} 47. Qd5 Qg6+ 48. Kh1 Rf2 49. Rg1 Qh6 {[%cal Rh6h3]} 50. Rg3 Qf6 51. Qd3+ ({Keinesfalls} 51. Qxc5 $6 Qxb2 52. Kg1 (52. Qh5+ Kg8 $16) 52... Re2 $16) 51... Kh8 (51... g6 {war einen Versuch wert.}) 52. Ng4 $18 Qc6+ $2 (52... c4 53. Qd5 (53. Nxf6 cxd3 54. Ng4 Rxb2 $16) 53... Qh4) 53. Kg1 {Weiss droht Dd8+ und Matt.} Rxb2 54. Qd8+ {Weiß setzt Matt.} Kh7 55. Qh4+ Kg8 56. Nh6+ {Precision: Weiß = 76%, Schwarz = 50%.} 1-0

[Event "ACCENTUS Biel GMT 2018"]
[Site "Biel"]
[Date "2018.07.23"]
[Round "2"]
[White "Navara, David"]
[Black "Mamedyarov, Shakhriyar"]
[Result "1/2-1/2"]
[WhiteElo "2741"]
[BlackElo "2801"]
[Annotator "TA"]
[PlyCount "88"]
[EventDate "2018.07.22"]
[EventCountry "SUI"]
[SourceTitle "playchess.com"]
[Source "ChessBase"]
[SourceQuality "1"]

{[%evp 28,88,40,43,46,72,46,33,19,21,31,14,40,17,6,10,157,143,128,71,68,67,57,52,72,69,71,76,99,107,93,35,23,11,14,14,8,8,8,8,8,11,17,8,12,0,0,-8,0,0,0,0,0,0,0,0,0,0,0,0,0,0,0]} 1. e4 {Schussler,H} e5 2. Nf3 Nc6 3. Bb5 {[%cal Bf1b5,Bb5a4,Ba4b3][%mdl 32]} a6 4. Ba4 Nf6 5. O-O Nxe4 6. d4 b5 7. Bb3 d5 8. dxe5 Be6 9. Nbd2 Nc5 10. c3 d4 11. Bxe6 Nxe6 12. cxd4 Ncxd4 13. a4 Rb8 14. axb5 {C80: Open Ruy Lopez: Sidelines and 9 Nbd2} axb5 15. Ne4 {LiveBook: 16 Games} Qd5 16. Nxd4 {White is slightly better.} Nxd4 {[#]} 17. Ng3 $146 ({Predecessor:} 17. Nc3 Qc4 18. Be3 Nf5 19. Qf3 Nh4 20. Qh3 Be7 21. Rfd1 O-O {1-0 (40) De Firmian,N (2595)-Abdel Megid,M (2370) Luzern 1989 CBM 016 [Schussler,H]}) 17... g6 18. Be3 Rd8 19. Bg5 {[#] Black must now prevent Bf6.} Be7 20. Bxe7 Kxe7 21. Qg4 Ne6 (21... Rhe8 $1 $11) 22. Qh4+ g5 23. Qb4+ (23. Nf5+ $142 Ke8 24. Qb4) 23... Qc5 $16 24. Qe4 {[#] Hoping for Nf5+.} Qc4 $1 {Threatening ...Qxe4.} 25. Nf5+ Ke8 26. Qxc4 bxc4 27. Rfc1 Rd2 28. Ra8+ Rd8 29. Rca1 ({Better is} 29. Rxd8+ $16 Kxd8 30. Rxc4) 29... Rf8 $14 30. h4 Rxa8 {The position is equal.} 31. Rxa8+ $11 {[%mdl 4096] Endgame KRN-KRN} Kd7 32. Ra4 Rb8 33. Rxc4 Rxb2 34. hxg5 c5 {[%cal Bc7c5,Bc5c4,Bc4c3,Bc3c2][%mdl 32]} 35. Rh4 Nxg5 36. f4 Ne6 37. Nd6 Rb4 38. g3 c4 39. f5 ({Wrong is} 39. Rxh7 $2 c3 $19) 39... Ng5 $1 {[%cal Rg5f3] And now ...Nf3+ would win.} 40. Kf2 Rb2+ 41. Ke3 c3 42. Nxf7 c2 43. e6+ Ke7 44. Rc4 Nxf7 {Precision: White = 48%, Black = 75%.} 1/2-1/2

[Event "ACCENTUS Biel GMT 2018"]
[Site "Biel"]
[Date "2018.07.24"]
[Round "3"]
[White "Carlsen, Magnus"]
[Black "Svidler, Peter"]
[Result "1/2-1/2"]
[WhiteElo "2842"]
[BlackElo "2753"]
[Annotator "TA"]
[PlyCount "52"]
[EventDate "2018.07.22"]
[EventCountry "SUI"]
[SourceTitle "playchess.com"]
[Source "ChessBase"]
[SourceQuality "1"]

{[%evp 18,52,36,27,52,27,30,35,30,33,87,38,46,43,64,58,56,0,0,0,0,0,0,0,0,0,0,0,0,0,0,0,0,0,0,-14,0]} 1. e4 c5 2. Nf3 d6 3. d4 cxd4 4. Nxd4 Nf6 5. Nc3 a6 6. Bg5 Nbd7 7. Qe2 {B94: Sizilianisch (Najdorf-Variante mit 6.Lg5)} (7. Bc4 h6 8. Bh4 g6 9. Qe2 Bg7 10. O-O-O O-O 11. Bb3 Qc7 12. Kb1 Rb8 13. f4 e5 14. fxe5 dxe5 15. Nf3 b5 16. g4 {1-0 (61) Nepomniachtchi,I (2751)-Korobov,A (2678) Poikovsky 2018}) 7... h6 8. Bh4 g6 9. f4 Qc7 10. O-O-O {LiveBook: 5 Partien} Bg7 11. g4 $146 ({Vorgänger:} 11. Kb1 O-O 12. Nf3 e5 13. f5 b5 14. g4 b4 {1-0 (39) Melia,S (2400)-Travkina,A (2287) Riga 2017}) 11... e5 12. fxe5 $1 Nxe5 13. h3 Be6 (13... b5 $14) 14. Qf2 Nfd7 $1 15. Bb5 O-O 16. Bxd7 $1 Qxd7 17. Nf5 (17. Bf6 $14) 17... gxf5 $11 {Die Stellung ist ausgeglichen.} 18. gxf5 Kh7 19. Rhg1 Bh8 20. Bg3 Rac8 {Und weiter mit ...Lc4 wäre nett.} ({Auf keinen Fall} 20... Bc4 21. Bf4 $17) 21. Bf4 Qe7 {...Lc4 ist eine echte Drohung.} ({Vergiftet wäre} 21... Rxc3 $2 22. bxc3 Qe7 23. fxe6 $18) 22. fxe6 fxe6 23. Qg3 {Schwarz sollte Lxe5 verhindern.} Rg8 24. Qf2 Rgf8 25. Qg3 {Weiss will Lxe5 spielen.} Rg8 26. Qf2 Rgf8 {Precision: Weiß = 72%, Schwarz = 70%.} 1/2-1/2

[Event "ACCENTUS Biel GMT 2018"]
[Site "Biel"]
[Date "2018.07.24"]
[Round "3"]
[White "Mamedyarov, Shakhriyar"]
[Black "Vachier-Lagrave, Maxime"]
[Result "1-0"]
[WhiteElo "2801"]
[BlackElo "2779"]
[Annotator "TA"]
[PlyCount "63"]
[EventDate "2018.07.22"]
[EventCountry "SUI"]
[SourceTitle "playchess.com"]
[Source "ChessBase"]
[SourceQuality "1"]

{[%evp 15,63,-12,-9,-18,-7,-6,15,4,77,71,60,67,72,75,58,58,63,66,72,60,64,59,55,57,59,54,57,60,122,115,115,115,122,124,143,138,140,108,132,141,215,215,215,215,215,215,222,210,225,224]} 1. Nf3 c5 2. c4 Nc6 3. Nc3 e5 4. e3 Nf6 5. d4 e4 6. Ne5 {A34: Englische Eröffnung (Symmetrische Variante)} g6 7. g4 h6 8. Bg2 Bg7 {LiveBook: 4 Partien} 9. h3 $146 ({Vorgänger:} 9. h4 cxd4 10. exd4 d5 11. g5 hxg5 12. hxg5 Rxh1+ 13. Bxh1 {0-1 (46) Movsesian,S (2699)-Ponomariov,R (2743) Khanty-Mansiysk 2013}) 9... Qe7 10. b3 cxd4 11. exd4 Nxe5 (11... O-O $11 {bleibt in der Remisbreite.}) 12. dxe5 $16 Qxe5 13. Bb2 d5 14. Qe2 Qe7 15. cxd5 {[%cal Rc3e4]} O-O 16. O-O ({Minderwertig wäre} 16. Nxe4 Nxe4 17. Bxg7 Kxg7 $17) 16... Re8 17. Rfe1 Bd7 18. Nxe4 Nxe4 19. Bxg7 Kxg7 20. Qxe4 Qxe4 21. Bxe4 h5 ({Besser ist} 21... b6 $14) 22. gxh5 gxh5 23. h4 Rac8 24. Bf3 Rxe1+ 25. Rxe1 {[%mdl 4096] Endspiel Schwarz muss nun Te7 beachten. KTL-KTL} Kf6 26. d6 b6 27. Re7 {Weiß steht deutlich besser.} Rd8 (27... Bc6 $16) 28. Bxh5 $18 Be6 29. Rxa7 Rxd6 30. Kg2 Rd8 31. Bf3 Ke5 32. Ra4 {Precision: Weiß = 91%, Schwarz = 36%.} 1-0

[Event "ACCENTUS Biel GMT 2018"]
[Site "Biel"]
[Date "2018.07.24"]
[Round "3"]
[White "Georgiadis, Nico"]
[Black "Navara, David"]
[Result "0-1"]
[WhiteElo "2526"]
[BlackElo "2741"]
[Annotator "TA"]
[PlyCount "78"]
[EventDate "2018.07.22"]
[EventCountry "SUI"]
[SourceTitle "playchess.com"]
[Source "ChessBase"]
[SourceQuality "1"]

{[%evp 22,78,-14,-25,-23,-41,-16,-66,-54,-75,-61,-56,-5,-6,-19,-122,-119,-104,-112,-112,-116,-116,-105,-94,-102,-102,-92,-86,-97,-102,-99,-107,-127,-85,0,-110,-22,-23,37,0,0,-90,-91,-197,-214,-381,-385,-397,-396,-412,-358,-404,-400,-737,-791,-817,-787,-1026,-1022]} 1. d4 Nf6 2. c4 g6 3. g3 Bg7 4. Bg2 O-O 5. Nc3 d6 {[%cal Bd7d6,Bd6e5,Be5e4][%mdl 32]} 6. Nf3 Nc6 7. O-O e5 8. dxe5 dxe5 9. Bg5 Be6 10. Qa4 Qc8 {E62: Königsindisch (6...Sc6)} 11. Rfd1 Nd7 12. Nd5 {LiveBook: 5 Partien} e4 {Schwarz hat minimalen Vorteil.} 13. Ne1 Nb6 {[#]} (13... Bxb2 $6 14. Rab1 $14) 14. Qb3 $146 ({Vorgänger:} 14. Qc2 f5 15. Rd2 Kh8 16. Rad1 Ne5 17. b3 c6 18. Nf4 {1-0 (38) Akopian,V (2615)-Nijboer,F (2505) Wijk aan Zee 1993}) 14... Bxd5 15. cxd5 Nd4 16. Qe3 Nc4 (16... h6 $1 $15 17. Rxd4 Bxd4 18. Qxd4 hxg5) 17. Qxe4 $11 Re8 18. Rxd4 (18. Be7 $2 Nd6 $19) (18. Qh4 $1 $11 Nxe2+ 19. Kf1) 18... Rxe4 $17 19. Rxe4 Nd6 $36 {[%mdl 2048] Schwarz ist am Drücker.} ({Bitte nicht} 19... Bxb2 $6 20. Rb1 $11) (19... Nxb2 $6 20. Rc1 $11) 20. Re3 Bxb2 21. Rd1 a5 22. Rb3 Bg7 23. Bf4 b5 {[%cal Bb7b5,Bb5b4][%mdl 32]} 24. Rc1 {[#] Schwarz muss nun Lxd6 beachten.} Qd7 25. Nd3 b4 26. e4 Nb5 27. e5 Rd8 (27... Re8 $17 28. Rc5 Nd4) 28. Nc5 (28. d6 $1 $11 {war der einzige Weg, das Gleichgewicht zu behalten.}) 28... Qe8 (28... Qf5 $17 29. Be4 Qc8) 29. Nb7 $1 $11 {[#] Und weiter mit d6 wäre nett.} Rb8 ({Lieber} 29... Nc3 $1 $11 30. Rbxc3 bxc3 31. Nxd8 Qxd8 32. Rxc3 g5) 30. d6 cxd6 31. Bc6 (31. Nxd6 $11 {bleibt in der Remisbreite.} Qe6 32. Nxb5 Rxb5 33. Bf1 Rxe5 34. Rd3 (34. Bxe5 Bxe5 35. Re3 Qf6 $15)) 31... Qe6 $17 32. exd6 (32. Bxb5 $17 dxe5 33. Nc5) 32... Nc3 $19 {Droht ...g5 und aus.} 33. Rb2 $2 (33. Kg2) 33... g5 34. Be3 Nxa2 35. Rxa2 Qxa2 36. d7 {und die Idee Lf3 ließe Weiss weiter hoffen.} Bf6 37. Ba7 (37. Bf3 $142 Qe6 38. Nc5) 37... Rf8 {Schwarz steht klar auf Gewinn.} 38. Re1 Qd2 39. Kf1 b3 {Precision: Weiß = 35%, Schwarz = 48%.} 0-1